| 000 | 00449nam a22001937a 4500 | ||
|---|---|---|---|
| 003 | OSt | ||
| 005 | 20260323154157.0 | ||
| 008 | 260323b |||||||| |||| 00| 0 eng d | ||
| 020 | _a9780367148591 | ||
| 040 | _cBGL | ||
| 082 | _a510.6528 DOU : C | ||
| 100 | _aStinson Douglas R. | ||
| 245 | _aCryptography Theory And Practice | ||
| 250 | _a4th | ||
| 260 |
_aNew York _bCRC Press _c2025 |
||
| 300 | _a580p | ||
| 650 | _aMaths | ||
| 942 |
_2ddc _cGB |
||
| 999 |
_c44330 _d44330 |
||